<?xml version="1.0" encoding="UTF-8"?>
<marc:record xmlns:marc="http://www.loc.gov/MARC21/slim">
   <marc:leader>00000nam a2200000 a 4500</marc:leader>
   <marc:datafield ind1="1" ind2=" " tag="100">
      <marc:subfield code="a">Jung, Jochen</marc:subfield>
      <marc:subfield code="4">aut</marc:subfield>
      <marc:subfield code="e">Verfasser/-in</marc:subfield>
   </marc:datafield>
   <marc:datafield ind1=" " ind2=" " tag="653">
      <marc:subfield code="a">Alltagspoesie</marc:subfield>
   </marc:datafield>
   <marc:datafield ind1=" " ind2=" " tag="653">
      <marc:subfield code="a">Alter</marc:subfield>
   </marc:datafield>
   <marc:datafield ind1=" " ind2=" " tag="653">
      <marc:subfield code="a">Bücher</marc:subfield>
   </marc:datafield>
   <marc:datafield ind1=" " ind2=" " tag="653">
      <marc:subfield code="a">Erinnerung</marc:subfield>
   </marc:datafield>
   <marc:datafield ind1=" " ind2=" " tag="653">
      <marc:subfield code="a">Jung und Jung</marc:subfield>
   </marc:datafield>
   <marc:datafield ind1=" " ind2=" " tag="653">
      <marc:subfield code="a">Leben</marc:subfield>
   </marc:datafield>
   <marc:datafield ind1=" " ind2=" " tag="653">
      <marc:subfield code="a">Liebe</marc:subfield>
   </marc:datafield>
   <marc:datafield ind1=" " ind2=" " tag="653">
      <marc:subfield code="a">Literaturleben</marc:subfield>
   </marc:datafield>
   <marc:datafield ind1=" " ind2=" " tag="653">
      <marc:subfield code="a">Lyrische Darstellung</marc:subfield>
   </marc:datafield>
   <marc:datafield ind1=" " ind2=" " tag="653">
      <marc:subfield code="a">Salzburg</marc:subfield>
   </marc:datafield>
   <marc:datafield ind1=" " ind2=" " tag="653">
      <marc:subfield code="a">Satirisch</marc:subfield>
   </marc:datafield>
   <marc:datafield ind1=" " ind2=" " tag="653">
      <marc:subfield code="a">Schriftsteller</marc:subfield>
   </marc:datafield>
   <marc:datafield ind1=" " ind2=" " tag="653">
      <marc:subfield code="a">Tod</marc:subfield>
   </marc:datafield>
   <marc:datafield ind1=" " ind2=" " tag="653">
      <marc:subfield code="a">Softcover / Belletristik/Lyrik</marc:subfield>
   </marc:datafield>
   <marc:datafield ind1=" " ind2=" " tag="653">
      <marc:subfield code="a">Anthologie</marc:subfield>
   </marc:datafield>
   <marc:datafield ind1=" " ind2=" " tag="653">
      <marc:subfield code="a">Lyrik</marc:subfield>
   </marc:datafield>
   <marc:datafield ind1="0" ind2="0" tag="245">
      <marc:subfield code="a">Das alte Spiel</marc:subfield>
   </marc:datafield>
   <marc:datafield ind1="0" ind2="0" tag="245">
      <marc:subfield code="b">Gedichte</marc:subfield>
   </marc:datafield>
   <marc:datafield ind1="0" ind2="0" tag="245">
      <marc:subfield code="c">Jochen Jung</marc:subfield>
   </marc:datafield>
   <marc:datafield ind1=" " ind2="1" tag="264">
      <marc:subfield code="a">Innsbruck</marc:subfield>
      <marc:subfield code="b">Haymon Verlag</marc:subfield>
      <marc:subfield code="c">2017</marc:subfield>
   </marc:datafield>
   <marc:datafield ind1="1" ind2=" " tag="520">
      <marc:subfield code="a">Angaben aus der Verlagsmeldung

Das alte Spiel : Gedichte / von Jochen Jung

DIE WELT IM SPIEGEL DES LYRIKERS - DER ERSTE GEDICHTBAND VON JOCHEN JUNG
Der Autor und Verleger Jochen Jung zeigt mit seinem ersten Gedichtband eine neue Facette seines literarischen Schaffens. Munter und lebensklug, lakonisch und melancholisch schaut er sich um und infiziert die Welt mit seinem Dichtfieber. Da erblühen die Ampeln in frischem Grün, da tragen die Frauen Druckerschwärze in den Augen, da helfen Kaiser und Karl Kraus dem armen Dichter aus der Pleite, da ist zwischen Sterben und Totsein immer noch Zeit für ein Glas Rotwein, da beginnt die Stunde zwischen Hund und Katze, da bestäubt Sonnenlicht die Welt und die Trauer wird gelyncht.

JUGEND UND ALTER, LIEBE UND TOD, BOB DYLAN UND H.C. ARTMANN
Mit seinen federleichten Versen umgarnt Jung den Leser: Farben und Formen werden lebendig, Empfindungen wärmen die Seele und Trost keimt auf. Seine Themen sind vielfältig: Jugend und Alter, Leben und Tod, Leidenschaft und Verdruss, Kopf und Seele, Bücher und Büchermenschen, Bob Dylan und H.C. Artmann. Den großen Dingen des Lebens nimmt Jung das Furchteinflößende, den kleinen Dingen des Alltags verleiht er spielerisch ihre wahre Dimension. So ist sein charismatischer Gedichtband ein unbefangen-poetischer Einblick in Leben und Denken des großen Verlegers ebenso wie ein Plädoyer, das Leben leicht zu nehmen.
</marc:subfield>
   </marc:datafield>
   <marc:datafield ind1=" " ind2=" " tag="020">
      <marc:subfield code="a">9783709972540</marc:subfield>
      <marc:subfield code="9">9783709972540</marc:subfield>
   </marc:datafield>
   <marc:datafield ind1=" " ind2=" " tag="020">
      <marc:subfield code="a">370997254X</marc:subfield>
      <marc:subfield code="9">370997254X</marc:subfield>
   </marc:datafield>
   <marc:datafield ind1=" " ind2=" " tag="041">
      <marc:subfield code="a">ger</marc:subfield>
   </marc:datafield>
   <marc:datafield ind1=" " ind2=" " tag="300">
      <marc:subfield code="a">162 Seiten</marc:subfield>
   </marc:datafield>
</marc:record>
